| 000 | 00893nam a2200241 i 4500 | ||
|---|---|---|---|
| 001 | 45646 | ||
| 003 | ES-MaACL | ||
| 005 | 20250822063118.0 | ||
| 007 | t| | ||
| 008 | 030326s1959 sp f ||||1| spa d | ||
| 080 | _a946"1873/74" | ||
| 100 | 1 |
_aColoma Payá, Rafael _9156348 |
|
| 245 | 1 | 3 |
_aLa revolución internacionalista alcoyana de 1873 / _cRafael Coloma. |
| 260 |
_aAlicante : _bInstituto de Estudios Alicantinos, _c[1959] ( _fSuc. de Such) |
||
| 300 |
_a123 p., 7 lám. ; _c21 cm. |
||
| 490 | 1 |
_aPublicaciones del Instituto de Estudios Alicantinos ; _vXVI |
|
| 596 | _aDiputación Provincial de Alicante. | ||
| 651 | 4 |
_aEspaña- _xHistoria- _y1873-1874, I República. _98263 |
|
| 710 | 2 |
_aInstituto de Estudios Alicantinos. _94886 |
|
| 830 | 0 |
_aPublicaciones del Instituto de Estudios Alicantinos ; _vXVI _9182064 |
|
| 852 |
_aES-MaACL _jC-17716 |
||
| 999 |
_c45646 _d45646 |
||